|
|
|
|
| LEADER |
00000cam a2200000 7i4500 |
| 001 |
0000281944 |
| 005 |
20240403142240.0 |
| 006 |
a# ###g ###s |
| 007 |
ta |
| 008 |
231219s my g s may |
| 020 |
|
|
|a 9789832381549
|
| 040 |
|
|
|a MBPJ
|b eng
|c MBPJ
|e rda
|
| 090 |
0 |
|
|a MON 005
|
| 110 |
0 |
|
|a Majlis Agama Islam Selangor (MAIS)
|e issuing body
|
| 245 |
0 |
0 |
|a KECERMERLANGAN MODAL INSAN MELALUI 12 KEPERIBADIAN
|c Majlis Agama Islam Selangor (MAIS)
|
| 264 |
|
0 |
|a Shah Alam :
|b Majlis Agama Islam Selangor (MAIS)
|c 2016
|
| 300 |
|
|
|a 89 pages ;
|c 21 cm.
|
| 336 |
|
|
|a text
|2 rdacontent
|
| 337 |
|
|
|a unmediated
|2 rdamedia
|
| 338 |
|
|
|a volume
|2 rdacarrier
|
| 500 |
|
|
|a Bahan monograf - (11/01/2017)
|
| 500 |
|
|
|a Naskah percuma dari MAIS
|
| 999 |
|
|
|a BA0027/20
|b BAHAN MONOGRAF
|c KOLEKSI BAHAN ARKIB
|e PERPUSTAKAAN KOMUNITI PETALING JAYA
|